| 000 | 00857cam a2200289 4500 | ||
|---|---|---|---|
| 005 | 20260322212053.0 | ||
| 008 | data | ||
| 010 | _a 72075705 | ||
| 020 | _a081643087X | ||
| 020 | _a9780816430871 | ||
| 040 |
_aDLC _cDLC _dDLC |
||
| 042 | _alcac | ||
| 050 | 0 | 0 |
_aGT4965 _b.B34 |
| 082 | 0 | 0 | _a394.2/683 |
| 099 | _a 394.2 B34 1972 | ||
| 100 | 1 | _aBarth, Edna. | |
| 245 | 1 | 0 |
_aWitches, pumpkins, and grinning ghosts; _bthe story of Halloween symbols. _cEdna Barth & Ursula Arndt. |
| 260 |
_aNew York, _bSeabury Press _c[1972] |
||
| 300 |
_a95 p. _billus. _c27 cm. |
||
| 350 | _a{dollar}5.50 | ||
| 504 | _aBibliography: p. 95. | ||
| 520 | _aExplains the origins of and relates stories associated with familiar Halloween symbols. | ||
| 650 | 0 |
_aHalloween _xJuvenile literature. |
|
| 650 | 1 | _aHalloween. | |
| 700 | 1 |
_aArndt, Ursula, _eillus. |
|
| 001 | data | ||
| 999 |
_c1266 _d1266 |
||